000 00479nam a22001937a 4500
003 NUST-PNEC
005 20170114142505.0
008 140429b xxu||||| |||| 00| 0 eng d
020 _a2892891868
040 _cPNEC
082 _a621.3848 Lab
100 _959
_aLab-Volt
245 _aPrinciples of Radar System
_bStudent Manual 28923-00
_cLab-Volt
250 _a2nd ed
260 _aCanada
_bLab-Volt Ltd
_cc.1989
300 _bill. :
_c29 cm
648 _xMIS
942 _2ddc
_cBK
999 _c60029
_d60029